Global hydrology : Processes, resources and environmental management

Bibliographic Details
Main Author: JONES
Format: Book
Published: London : Addison-Wesley Longman Higher Education , 1997
Subjects:

MARC

LEADER 00000cam a2200000 7i4500
001 0000000306
005 20000729.0
020 0 0 |a 0582098610 
090 0 0 |a 551.48   |b JON 1997 
100 1 0 |a JONES   |h J. A. A. 
245 1 0 |a Global hydrology :   |b Processes, resources and environmental management   |c J. A. A. Jones 
260 0 0 |a London :   |b Addison-Wesley Longman Higher Education ,   |c 1997 
300 |a x, 399 p. :   |b ill., maps ;   |c 25 cm. 
500 0 0 |a Bibliography: [p. 347-364] and index 
650 0 0 |a Hydrology   |x Environmental aspects 
999 |a 0000001440   |b Monograph   |c Open Shelf   |e Default branch